000 00988cab a2200301 4500
001 ABS47461
008 090401t1992 xxu||||| |||| 00| 0 eng d
035 _a(Sirsi) u62069
041 _aeng
245 _aRights of perambulation
260 _c1992
350 _a0
490 _aEstates Gazette
_v(9243) 31 October 1992, 131(1)
520 _aThis `Mainly for Students` article considers whether rights of perambulation over open land for recreational purposes exist as easements. Lists the common types of easements and the essential elements of an easement. Refers to case law.
650 _aCEMETERIES
650 _aEASEMENTS
650 _aOPEN SPACES
650 _aPUBLIC PARKS
650 _aRECREATIONAL PURPOSES
650 _aRIGHT OF SUPPORT
650 _aRIGHT OF WAY
650 _aRIGHT TO A PASSAGE OF AIR
650 _aRIGHT TO LIGHT
650 _aRIGHT TO WATER
690 _aHIGHWAYS RIGHTS OF WAY AND EASEMENTS
942 _n0
948 _c04/03/1997
999 _c38542
_d38542